000 00448nam a22001457a 4500
005 20260311102831.0
008 260311b |||||||| |||| 00| 0 eng d
050 _aTHE TN 424 .087 2022
_b1
100 _aADHIAMBO OWINO LILIAN
245 _aEFFECTS OF GOLD MINING ON SUSTAINABILITY OF HOUSEHOLDS LIVELIHOODS IN RONGO SUB-COUNTY,KENYA
260 _aKISII
_bKSU
_c2022
300 _aXIV,85P;ILL
500 _aINCLUDES REFERENCES
942 _2lcc
_cREF
999 _c216822
_d216822